00292nam a2200121Ia 4500008004100000041000800041100002200049245003400071260002300105300000900128520002500137650000800162230818s1994 xx 000 0 und d aeng aLabour Law Agency aIndustrial disputes Act. 1947 bS.L. Dwivedic1994 a220p aGeneral | Hard Board aLaw